Les films (longs-métrages) dans lesquels a joué Robert de Niro - Statistiques

Statistiques générales
  • Ce quiz a été pris 12 fois
  • Le résultat moyen est 29 sur 106
Statistiques - réponses
Année de sortie Film % Correct
1980 Raging Bull
100%
1976 Taxi Driver
100%
1995 Casino
83%
1974 Le Parrain 2
83%
2019 The Irishman
83%
2000 Mon beau-père et moi
75%
1995 Heat
67%
1973 Mean Streets
67%
1997 Jackie Brown
58%
2023 Killers of the Flower Moon
58%
2015 Le Nouveau Stagiaire
58%
1990 Les Affranchis
58%
1991 Les Nerfs à vif
58%
1983 La Valse des pantins
50%
1987 Les Incorruptibles
50%
1999 Mafia Blues
50%
2004 Mon beau-père, mes parents et moi
50%
1977 New York, New York
50%
1984 Il était une fois en Amérique
42%
1993 Il était une fois le Bronx
42%
2016 Joker
42%
2002 Mafia Blues 2: La Rechute
42%
1998 Ronin
42%
1996 Sleepers
42%
1976 1900
33%
1970 Hi, Mom !
33%
2008 La Loi et l'Ordre
33%
1976 Le Dernier Nabab
33%
1990 L'Eveil
33%
2013 Malavita
33%
1988 Midnight Run
33%
1986 Mission
33%
2002 Showtime
33%
1978 Voyage au bout de l'enfer
33%
1987 Angel Heart : Aux portes de l'enfer
25%
1993 Blessures secrètes
25%
1985 Brazil
25%
1997 Copland
25%
2016 Dirty Papy
25%
1994 Frankenstein
25%
2012 Happiness Therapy
25%
1991 La Liste noire
25%
1996 Le Fan
25%
2010 Mon beau-père et nous
25%
2020 Mon grand-père et moi
25%
1989 Nous ne sommes pas des anges
25%
2007 Stardust, le mystère de l'étoile
25%
2001 The Score
25%
2001 15 Minutes
17%
2013 American Bluff
17%
1991 Backdraft
17%
2015 Bus 657
17%
1997 Des hommes d'influence
17%
2023 Ezra
17%
2013 Face à face
17%
1984 Falling in Love
17%
2004 Godsend, expérience interdite
17%
1989 Jacknife
17%
1971 Jennifer mon amour
17%
2015 Joy
17%
2011 Killer Elite
17%
1992 La Loi de la nuit
17%
1979 L'Echange
17%
1973 Le Dernier Match
17%
1995 Les Cent et Une Nuits de Simon Cinéma
17%
2000 Les Chemins de la dignité
17%
2014 L'Instinct de tuer
17%
2010 Machete
17%
1993 Mad Dog and Glory
17%
2013 Match retour
17%
2023 Mon père et moi
17%
1971 Né pour vaincre
17%
2008 Panique à Hollywood
17%
2002 Père et Flic
17%
2006 Raisons d'Etat
17%
2011 Stone
17%
2025 The Alto Knights
17%
2005 Trouble Jeu
17%
2012 Unités d'élite
17%
2022 Amsterdam
8%
2020 Arnaque à Hollywood
8%
1970 Bloody Mama
8%
1998 De grandes espérances
8%
2009 Everybody's Fine
8%
2026 Focker-In-Law
8%
2016 Hands of Stone
8%
2011 Happy New Year
8%
1992 Hollywood Mistress
8%
2011 L'amour a ses raisons
8%
2013 Last Vegas
8%
2022 Lavé par le sang
8%
2004 Le Pont du roi Saint-Louis
8%
2000 Les Aventures de Rocky et Bullwinkle
8%
2011 Limitless
8%
2012 Monsieur Flynn
8%
1999 Personne n'est parfaite(e)
8%
2012 Red Lights
8%
1981 Sanglantes Confessions
8%
1996 Simples Secrets
8%
1990 Stanley & Iris
8%
2016 The Comedian
8%
1971 The Gang That Couldn't Shoot Straight
8%
1969 The Wedding Party
8%
2026 The Whisper Man
8%
2025 Tin Soldier
8%
2013 Un grand mariage
8%
Aucun quiz correspondant
Distribution des résultats
% des personnes avec chaque résultat
Percentile par nombre de réponses
Votre historique - résultats
Vous n’avez pas pris ce quiz